| 000 | 01015cam a22002654a 4500 | ||
|---|---|---|---|
| 001 | 14985651 | ||
| 003 | OSt | ||
| 005 | 20160707170410.0 | ||
| 008 | 070829s2001 stka bf 001 0 eng | ||
| 010 | _a 2007279172 | ||
| 020 | _a0723432074 | ||
| 020 | _a9780723432074 | ||
| 040 |
_aDLC _cDLC _dDLC |
||
| 082 |
_aWB 100 _bT34m 2001 |
||
| 245 | 0 | 4 |
_aThe desktop guide to complementary and alternative medicine : _ban evidence-based approach / _ceditor, Edzard Ernst ... [et al.]. |
| 260 |
_aEdinburgh ; _aNew York : _bMosby, _c2001. |
||
| 300 |
_axv, 444 p. : _bill. ; _c24 cm. + _e1 CD-ROM (4 3/4 in.) |
||
| 504 | _aIncludes bibliographical references and index. | ||
| 650 | 0 |
_aAlternative medicine _vHandbooks, manuals, etc. _910038 |
|
| 650 | 0 |
_aEvidence-based medicine _vHandbooks, manuals, etc. _93768 |
|
| 700 | 1 |
_aErnst, E. _910039 |
|
| 906 |
_a7 _bcbc _corigres _d2 _encip _f20 _gy-gencatlg |
||
| 942 |
_2z _cO_SHELF |
||
| 999 |
_c4667 _d4667 |
||